| 000 | 00515nam a2200169 4500 | ||
|---|---|---|---|
| 001 | 140193 | ||
| 003 | ES-MaACL | ||
| 005 | 20230906200029.0 | ||
| 007 | t| | ||
| 008 | 070214s1969 sp r ||||1| spa d | ||
| 100 | 1 |
_aSchultz, W. _9104781 |
|
| 245 | 1 | 0 |
_aMedidas y pruebas con ondas cuadradas / _cW. Schultz ; traducción de Esau Rodríguez Pertusa. |
| 260 |
_aMadrid : _bParaninfo, _c1969. |
||
| 300 |
_a243 p. ; _c22 cm. |
||
| 700 | 1 |
_aRodríguez Pertusa, Esaú. _998732 |
|
| 852 |
_aES-MaACL _jC-38741 _bR.70755 |
||
| 999 |
_c140193 _d140193 |
||